000 00448nam a2200181Ia 4500
001 8090
005 20260306160543.0
008 260306t2016||||xx |||||||||||||| ||spa||
041 _aESP
082 _a370.1
_bP19
100 _aPalacios, Analía M.
_eAUT
245 0 _aClaves para incluir:
_baprender, enseñar y comprender
260 _c2016
300 _a184 páginas :
_c23 cm.
650 _aGEN
654 _aCED
942 _cLIB
_dJUS
_fJUS
_2ddc
_n
999 _c8090
_d8090